[Event "SVK Extraliga 2017-18"]
[Site "Slovakia"]
[Date "2017.12.10"]
[Round "6"]
[White "Haring, Filip"]
[Black "Czebe, Attila"]
[Result "0-1"]
[WhiteElo "2267"]
[BlackElo "2451"]
[Annotator "TA"]
[PlyCount "80"]
[EventDate "2017.??.??"]
[EventType "team-tourn"]
[EventCountry "SVK"]
[SourceTitle "playchess.com"]
[Source "ChessBase"]
[SourceQuality "1"]

{[%evp 9,80,40,35,17,16,24,51,19,45,18,27,37,54,35,67,56,104,98,143,139,138,131,216,196,202,114,167,136,128,0,0,0,0,0,0,-84,-81,-107,-109,-366,-364,-370,-362,-332,-333,-345,-341,-406,-406,-544,-500,-533,-503,-643,-610,-680,-659,-771,-488,-834,-820,-781,-752,-1397,-1340,-1531,-1248,-12836,-12836,-29986,-29987,-29996,-29997]} 1. e4 d6 2. d4 g6 3. Nc3 a6 4. Be3 (4. f4 b5 5. Nf3 Bb7 6. Bd3 Bg7 7. e5 e6 8. O-O Nd7 9. a4 bxa4 10. Rxa4 Ne7 11. Qe2 a5 12. Be3 Nb6 13. Ra3 O-O 14. Bf2 Nf5 {½-½ (32) Wei,Y (2737)-Yu,Y (2734) Taizhou 2015}) 4... b5 5. a3 Bb7 $146 ({Predecessor:} 5... Bg7 6. Qd2 Nd7 7. h4 h5 8. Be2 Bb7 9. Bf3 Qc8 10. Nh3 Ngf6 11. Nf4 c6 12. Nd3 Ng4 13. Bxg4 hxg4 14. a4 bxa4 15. Rxa4 {0-1 (43) Ferrer Roig,J (2130)-Sibilio,M (2381) Calvia 2007}) 6. h4 {B06: Modern Defence} Nf6 7. f3 Nbd7 8. Qd2 {White is slightly better.} c5 9. Nh3 cxd4 10. Bxd4 e5 11. Be3 Rc8 12. O-O-O d5 13. Nxd5 (13. exd5 b4 $17) 13... Nxd5 14. exd5 Qxh4 15. g4 Qd8 (15... Qf6 $16) 16. Ng5 $18 Nf6 17. d6 (17. Ne4 $18) 17... Qd7 (17... h6 $16) 18. Bg2 {aiming for Bf4!} Bg7 19. f4 (19. Bf4 $16) 19... Bxg2 $11 20. Qxg2 Nxg4 21. Bb6 h5 $1 22. Kb1 (22. fxe5 $1 $11 {keeps the balance.} Nxe5 23. Bd4) 22... O-O $17 {Strongly threatening ...Rc6.} ({Weaker is} 22... exf4 23. Rhe1+ Be5 24. Qd5 $16) 23. f5 Qxf5 24. d7 $2 {[%mdl 8192] [#]} (24. Ne4 $17) 24... Rcd8 $19 ({Not} 24... Qxg5 25. dxc8=N Rxc8 26. Rhe1 $17) 25. Bxd8 Rxd8 26. Nxf7 Qxf7 27. Qc6 e4 28. Rhf1 Qe7 29. Qd5+ Kh7 30. Rf7 Qe5 {[%csl Gg7][%cal Re5b2] [#]} 31. Qb3 Nh6 32. Rf2 Nf5 33. c3 Ne3 34. Re1 (34. Rd4 $142 Nf5 35. Rd5) 34... Nc4 35. Qc2 Rxd7 36. Ka1 Rd3 37. Rfe2 Qd5 38. Rxe4 Rd2 39. Qb3 Rxb2 40. Qd1 Qc5 {Precision: White = 27%, Black = 67%.} 0-1

[Event "SVK Extraliga 2017-18"]
[Site "Slovakia"]
[Date "2017.12.10"]
[Round "6"]
[White "Banas, Kamil"]
[Black "Zvarik, Martin"]
[Result "1-0"]
[WhiteElo "2265"]
[BlackElo "2244"]
[Annotator "NA"]
[PlyCount "81"]
[EventDate "2017.??.??"]
[EventType "team-tourn"]
[EventCountry "SVK"]
[SourceTitle "playchess.com"]
[Source "ChessBase"]
[SourceQuality "1"]
[TimeControl "40/5400+30:1800+30"]

1. e4 {[%emt 0:00:00]} e5 {[%emt 0:07:19]} 2. Nf3 {[%emt 0:01:26]} Nc6 {[%emt 0:00:09]} 3. d4 {[%emt 0:06:13]} exd4 {[%emt 0:02:01]} 4. Nxd4 {[%emt 0:00:02]} Bc5 {[%emt 0:00:55]} 5. Nb3 {[%emt 0:00:11]} Bb4+ {[%emt 0:00:52]} 6. Bd2 {[%emt 0:04:55]} Qe7 {[%emt 0:01:48]} 7. Bd3 {[%emt 0:04:45]} Ne5 {[%emt 0:04:13]} 8. O-O {[%emt 0:04:58]} Nf6 {[%emt 0:04:33]} 9. Bxb4 {[%emt 0:02:52]} Qxb4 {[%emt 0:00:07]} 10. Nc3 {[%emt 0:00:11]} O-O {[%emt 0:07:04]} 11. f4 {[%emt 0:02:13]} Nc4 {[%emt 0:05:58]} 12. Bxc4 {[%emt 0:06:12]} Qxc4 {[%emt 0:00:36]} 13. e5 {[%emt 0:00:18]} Ne4 {[%emt 0:08:19]} 14. Qd5 {[%emt 0:00:31]} Qxd5 {[%emt 0:00:13]} 15. Nxd5 {[%emt 0:00:02]} c6 {[%emt 0:00:11]} 16. Ne7+ {[%emt 0:08:40]} Kh8 {[%emt 0:00:06]} 17. Rad1 {[%emt 0:05:16]} Rd8 {[%emt 0:14:32]} 18. Rfe1 {[%emt 0:08:21]} f5 {[%emt 0:02:41]} 19. Nxf5 {[%emt 0:00:55]} d5 {[%emt 0:00:09]} 20. Ne3 {[%emt 0:01:31]} Re8 {[%emt 0:12:45]} 21. c4 {[%emt 0:08:46]} g5 {[%emt 0:01:18]} 22. cxd5 {[%emt 0:03:29]} gxf4 {[%emt 0:00:32]} 23. Nc4 {[%emt 0:00:49]} cxd5 {[%emt 0:09:59]} 24. Rxd5 {[%emt 0:00:40]} Ng5 {[%emt 0:01:17]} 25. Nd6 {[%emt 0:04:06]} Rg8 {[%emt 0:00:46]} 26. Kf2 {[%emt 0:00:13]} Be6 {[%emt 0:01:37]} 27. Rc5 {[%emt 0:02:29]} f3 {[%emt 0:02:14]} 28. gxf3 {[%emt 0:01:45]} Raf8 {[%emt 0:00:05]} 29. Nd4 {[%emt 0:02:31]} Bg4 {[%emt 0:05:47]} 30. Re3 {[%emt 0:02:49]} Nh3+ {[%emt 0:01:50]} 31. Ke1 {[%emt 0:00:31]} Bh5 {[%emt 0:00:35]} 32. e6 {[%emt 0:02:33]} Be8 {[%emt 0:04:57]} 33. Nxe8 {[%emt 0:02:55]} Rxe8 {[%emt 0:00:15]} 34. Ne2 {[%emt 0:00:18]} Re7 {[%emt 0:01:06]} 35. f4 {[%emt 0:02:11]} Ng1 {[%emt 0:00:24]} 36. Ng3 {[%emt 0:01:04]} Rf8 {[%emt 0:00:21]} 37. Nh5 {[%emt 0:00:36]} b6 {[%emt 0:00:54]} 38. Rg5 {[%emt 0:00:26]} Nf3+ {[%emt 0:00:30]} 39. Rxf3 {[%emt 0:00:05]} Rxe6+ {[%emt 0:00:02]} 40. Kf2 {[%emt 0:00:31]} Rd8 {[%emt 0:30:25]} 41. Re3 {[%emt 0:33:49]} 1-0

[Event "SVK Extraliga 2017-18"]
[Site "Slovakia"]
[Date "2017.12.10"]
[Round "6"]
[White "Macko, Miroslav"]
[Black "Bombek, Peter"]
[Result "0-1"]
[WhiteElo "2262"]
[BlackElo "2241"]
[Annotator "NA"]
[PlyCount "100"]
[EventDate "2017.??.??"]
[EventType "team-tourn"]
[EventCountry "SVK"]
[SourceTitle "playchess.com"]
[Source "ChessBase"]
[SourceQuality "1"]
[TimeControl "40/5400+30:1800+30"]

1. e4 {[%emt 0:00:00]} e6 {[%emt 0:00:03]} 2. d4 {[%emt 0:00:00]} d5 {[%emt 0:00:03]} 3. Nd2 {[%emt 0:00:00]} Be7 {[%emt 0:00:06]} 4. Ngf3 {[%emt 0:08:02]} c5 {[%emt 0:02:20]} 5. exd5 {[%emt 0:04:50]} exd5 {[%emt 0:01:25]} 6. Be2 {[%emt 0:03:16]} Nc6 {[%emt 0:02:01]} 7. dxc5 {[%emt 0:04:08]} Bxc5 {[%emt 0:00:59]} 8. Nb3 {[%emt 0:01:33]} Bb6 {[%emt 0:00:20]} 9. O-O {[%emt 0:00:41]} Nge7 {[%emt 0:02:52]} 10. c3 {[%emt 0:05:27]} O-O {[%emt 0:00:52]} 11. Bf4 {[%emt 0:02:12]} Bf5 {[%emt 0:03:43]} 12. Qd2 {[%emt 0:02:27]} Re8 {[%emt 0:04:48]} 13. Rfe1 {[%emt 0:07:37]} Qd7 {[%emt 0:04:19]} 14. a4 {[%emt 0:02:55]} a6 {[%emt 0:01:21]} 15. a5 {[%emt 0:06:41]} Ba7 {[%emt 0:00:54]} 16. Be3 {[%emt 0:01:05]} Bxe3 {[%emt 0:08:40]} 17. Qxe3 Ng6 {[%emt 0:04:00]} 18. Qd2 {[%emt 0:06:22]} Qd6 {[%emt 0:07:29]} 19. Nbd4 {[%emt 0:03:59]} Be4 {[%emt 0:03:27]} 20. g3 {[%emt 0:12:52]} h6 {[%emt 0:07:39]} 21. Bf1 {[%emt 0:08:19]} Rad8 {[%emt 0:04:11]} 22. Bg2 {[%emt 0:01:21]} Qf6 {[%emt 0:07:59]} 23. Ra4 {[%emt 0:06:05]} Nxd4 24. Nxd4 Ne5 {[%emt 0:07:44]} 25. Rb4 {[%emt 0:05:05]} Bxg2 {[%emt 0:03:36]} 26. Kxg2 {[%emt 0:00:10]} Nc4 {[%emt 0:00:42]} 27. Rxe8+ {[%emt 0:01:04]} Rxe8 {[%emt 0:00:05]} 28. Qd1 {[%emt 0:00:06]} Re7 {[%emt 0:04:48]} 29. Nf3 {[%emt 0:01:57]} Qe6 {[%emt 0:02:50]} 30. Qa1 {[%emt 0:01:55]} Qe2 {[%emt 0:01:09]} 31. Nd4 {[%emt 0:01:42]} Qd2 {[%emt 0:03:20]} 32. Nf3 {[%emt 0:00:42]} Qe2 {[%emt 0:03:12]} 33. Nd4 {[%emt 0:00:08]} Qe4+ {[%emt 0:00:44]} 34. Nf3 {[%emt 0:00:09]} Qd3 {[%emt 0:02:03]} 35. b3 {[%emt 0:01:29]} Ne3+ {[%emt 0:01:44]} 36. fxe3 {[%emt 0:02:11]} Qe2+ {[%emt 0:00:06]} 37. Kh3 {[%emt 0:01:23]} Qxf3 {[%emt 0:00:06]} 38. Rf4 {[%emt 0:00:28]} Qh5+ {[%emt 0:01:18]} 39. Kg2 {[%emt 0:00:27]} Rxe3 {[%emt 0:01:52]} 40. Qf1 {[%emt 0:00:32]} Rxc3 {[%emt 0:31:22]} 41. b4 {[%emt 0:07:24]} d4 {[%emt 0:00:00]} 42. Rf2 {[%emt 0:01:37]} d3 {[%emt 0:00:00]} 43. Rd2 {[%emt 0:01:05]} Qd5+ {[%emt 0:00:00]} 44. Kh3 {[%emt 0:01:59]} Rc2 {[%emt 0:00:00]} 45. Qd1 {[%emt 0:00:50]} Qe6+ {[%emt 0:00:00]} 46. Kg2 {[%emt 0:00:54]} Qe3 {[%emt 0:00:00]} 47. Rxc2 {[%emt 0:00:39]} Qe4+ {[%emt 0:00:00]} 48. Kg1 {[%emt 0:00:41]} dxc2 {[%emt 0:00:00]} 49. Qd2 {[%emt 0:00:54]} Qc4 {[%emt 0:00:00]} 50. Qc1 {[%emt 0:00:17]} Qe2 {[%emt 0:00:00]} 0-1

[Event "SVK Extraliga 2017-18"]
[Site "Slovakia"]
[Date "2017.12.10"]
[Round "6"]
[White "Kamody, Mario"]
[Black "Bagi, Mate"]
[Result "0-1"]
[WhiteElo "2254"]
[BlackElo "2445"]
[Annotator "TA"]
[PlyCount "42"]
[EventDate "2017.??.??"]
[EventType "team-tourn"]
[EventCountry "SVK"]
[SourceTitle "playchess.com"]
[Source "ChessBase"]
[SourceQuality "1"]

{[%evp 23,42,0,0,-19,0,-35,-33,-181,-190,-248,-170,-253,-259,-1099,-1068,-1372,-1372,-29991,-29992,-29992,-29993]} 1. c4 Nf6 2. g3 e5 3. Bg2 d5 4. cxd5 Nxd5 5. Nf3 Nc6 6. O-O Be7 7. d4 e4 8. Ne5 f5 9. Nxc6 {A20: Englische Eröffnung} bxc6 10. f3 (10. Qc2 Qd7 11. Nc3 O-O 12. Nxd5 cxd5 13. Bf4 c6 14. Rfc1 Bb7 15. e3 a5 16. h4 Rfc8 {½-½ (35) Topalov,V (2749)-Karjakin,S (2781) Paris 2017}) 10... exf3 11. Bxf3 O-O 12. Nc3 Be6 {LiveBook: 3 Partien} 13. Na4 $146 ({Vorgänger:} 13. Qa4 Qd7 14. Nxd5 Bxd5 15. Bxd5+ Qxd5 16. Qb3 Rab8 17. Qxd5+ cxd5 {0-1 (56) Suslova,A (2227)-Drygalov,S (2404) Cheliabinsk 2017}) 13... Rb8 14. a3 f4 {Und ...Ld6 würde nun gewinnen.} 15. gxf4 (15. Bxd5 $1 $15 Qxd5 16. Bxf4) 15... Nxf4 $19 {...Lb3 ist eine echte Drohung.} 16. b4 (16. Nc3 {war angesagt.}) 16... Bh3 17. Qb3+ {[#]} (17. Bxf4 {war erzwungen.} Bxf1 18. Qb3+ Kh8 19. Be5) 17... Kh8 $1 18. Rd1 $2 (18. Bxf4 Rxf4 19. Bg2 Qxd4+ 20. e3 Rxf1+ 21. Rxf1) 18... Bd6 {Und weiter mit ...Dg5+ wäre nett.} 19. Kh1 Qh4 {( -> ...Df2)} 20. Rg1 Bg2+ 21. Bxg2 {[#]} Nd3 $1 {[%mdl 512] Precision: Weiß =  7%, Schwarz = 87%.} 0-1

[Event "SVK Extraliga 2017-18"]
[Site "Slovakia"]
[Date "2017.12.10"]
[Round "6"]
[White "Lisko, Frantisek"]
[Black "Gasa, Patrik"]
[Result "1-0"]
[WhiteElo "2241"]
[BlackElo "2120"]
[Annotator "NA"]
[PlyCount "57"]
[EventDate "2017.??.??"]
[EventType "team-tourn"]
[EventCountry "SVK"]
[SourceTitle "playchess.com"]
[Source "ChessBase"]
[SourceQuality "1"]
[TimeControl "40/5400+30:1800+30"]

1. d4 {[%emt 0:00:00]} g6 {[%emt 0:00:03]} 2. e4 {[%emt 0:00:00]} Bg7 {[%emt 0:00:09]} 3. c4 {[%emt 0:00:48]} c5 {[%emt 0:00:30]} 4. d5 {[%emt 0:00:11]} d6 {[%emt 0:01:45]} 5. Ne2 {[%emt 0:02:59]} Na6 {[%emt 0:08:57]} 6. Nec3 {[%emt 0:01:21]} Nc7 {[%emt 0:00:55]} 7. Bg5 {[%emt 0:03:07]} Nf6 {[%emt 0:02:54]} 8. Be2 {[%emt 0:01:32]} Bd7 {[%emt 0:19:04]} 9. O-O {[%emt 0:01:37]} h6 {[%emt 0:08:44]} 10. Bh4 {[%emt 0:00:51]} g5 {[%emt 0:01:39]} 11. Bg3 {[%emt 0:00:20]} h5 {[%emt 0:06:42]} 12. h4 {[%emt 0:15:34]} gxh4 {[%emt 0:01:17]} 13. Bxh4 {[%emt 0:00:09]} Ng4 {[%emt 0:00:14]} 14. Nd2 {[%emt 0:02:36]} Bf6 {[%emt 0:15:19]} 15. Bxf6 {[%emt 0:01:56]} exf6 {[%emt 0:00:58]} 16. Nf3 {[%emt 0:05:23]} Qe7 {[%emt 0:00:59]} 17. a3 {[%emt 0:06:00]} O-O-O {[%emt 0:11:08]} 18. b4 {[%emt 0:00:26]} f5 {[%emt 0:02:00]} 19. bxc5 {[%emt 0:03:51]} fxe4 {[%emt 0:00:28]} 20. cxd6 {[%emt 0:00:36]} Qxd6 {[%emt 0:00:18]} 21. Nxe4 {[%emt 0:00:55]} Qf4 {[%emt 0:00:28]} 22. Nc5 {[%emt 0:01:22]} Bf5 {[%emt 0:04:44]} 23. Qa4 {[%emt 0:03:48]} Rdg8 {[%emt 0:07:11]} 24. Qxa7 {[%emt 0:03:26]} Ne5 {[%emt 0:04:28]} 25. Qxb7+ {[%emt 0:08:10]} Kd8 {[%emt 0:00:00]} 26. d6 {[%emt 0:01:52]} Rxg2+ {[%emt 0:02:04]} 27. Kxg2 {[%emt 0:00:08]} Rg8+ {[%emt 0:00:30]} 28. Kh1 {[%emt 0:00:12]} Nd5 {[%emt 0:00:25]} 29. cxd5 {[%emt 0:02:09]} 1-0

[Event "SVK Extraliga 2017-18"]
[Site "Slovakia"]
[Date "2017.12.10"]
[Round "6"]
[White "Karas, Marek"]
[Black "Likavsky, Tomas"]
[Result "1/2-1/2"]
[WhiteElo "2240"]
[BlackElo "2436"]
[Annotator "TA"]
[PlyCount "44"]
[EventDate "2017.??.??"]
[EventType "team-tourn"]
[EventCountry "SVK"]
[SourceTitle "playchess.com"]
[Source "ChessBase"]
[SourceQuality "1"]

{[%evp 34,44,31,29,31,35,28,25,26,35,29,30,39]} 1. d4 Nf6 2. c4 e6 3. Nf3 d5 4. g3 Bb4+ 5. Bd2 Be7 6. Bg2 c6 7. Qc2 O-O 8. O-O Nbd7 9. Bf4 b6 10. Nbd2 Bb7 11. e4 dxe4 12. Nxe4 Nxe4 13. Qxe4 Nf6 {E09: Closed Catalan: Main Line: 7 Qc2 c6 8 Nbd2} 14. Qe2 c5 15. Rad1 (15. Rfd1 cxd4 16. Nxd4 Qc8 17. Bxb7 Qxb7 18. Qf3 Qxf3 19. Nxf3 Rfc8 20. b3 Kf8 21. Ne5 {½-½ (29) Postny,E (2636)-Vitiugov,N (2739) Tsaghkadzor 2015}) 15... cxd4 16. Nxd4 Bxg2 17. Kxg2 Qc8 18. b3 {LiveBook: 5 Games} Qb7+ 19. Qf3 Qxf3+ 20. Nxf3 $146 ({Predecessor:} 20. Kxf3 Rfc8 21. Rfe1 {1-0 (38) Hausner,I (2360)-Likavsky,T (2441) Slovakia 2017}) 20... Rfd8 21. Ne5 Rxd1 22. Rxd1 Rc8 1/2-1/2

[Event "SVK Extraliga 2017-18"]
[Site "Slovakia"]
[Date "2017.12.10"]
[Round "6"]
[White "Fiacan, Robert"]
[Black "Tropp, Oliver"]
[Result "*"]
[WhiteElo "2229"]
[BlackElo "2198"]
[Annotator "NA"]
[PlyCount "26"]
[EventDate "2017.??.??"]
[EventType "team-tourn"]
[EventCountry "SVK"]
[SourceTitle "playchess.com"]
[Source "ChessBase"]
[SourceQuality "1"]
[TimeControl "40/5400+30:1800+30"]

1. e4 {[%emt 0:00:00]} c6 {[%emt 0:00:05]} 2. d4 {[%emt 0:00:00]} d5 {[%emt 0:00:07]} 3. Nc3 {[%emt 0:00:10]} dxe4 {[%emt 0:00:49]} 4. Nxe4 {[%emt 0:00:08]} Nf6 {[%emt 0:00:22]} 5. Nxf6+ {[%emt 0:00:57]} exf6 {[%emt 0:01:58]} 6. Nf3 {[%emt 0:07:50]} Bd6 {[%emt 0:02:41]} 7. Bd3 {[%emt 0:01:08]} Bg4 {[%emt 0:05:53]} 8. O-O {[%emt 0:01:06]} O-O {[%emt 0:00:51]} 9. h3 {[%emt 0:02:52]} Be6 {[%emt 0:03:09]} 10. Nh4 {[%emt 0:11:02]} g6 {[%emt 0:04:46]} 11. f4 {[%emt 0:11:03]} f5 {[%emt 0:01:14]} 12. Nf3 {[%emt 0:00:25]} Be7 {[%emt 0:04:23]} 13. Be3 {[%emt 0:04:29]} Nd7 {[%emt 0:01:01]} *

[Event "SVK Extraliga 2017-18"]
[Site "Slovakia"]
[Date "2017.12.10"]
[Round "6"]
[White "Fiacan, Robert"]
[Black "Tropp, Frantisek"]
[Result "1-0"]
[WhiteElo "2229"]
[BlackElo "2114"]
[Annotator "NA"]
[PlyCount "63"]
[EventDate "2017.??.??"]
[EventType "team-tourn"]
[EventCountry "SVK"]
[SourceTitle "playchess.com"]
[Source "ChessBase"]
[SourceQuality "1"]
[TimeControl "40/5400+30:1800+30"]

1. e4 {[%emt 0:00:00]} c6 {[%emt 0:00:05]} 2. d4 {[%emt 0:00:00]} d5 {[%emt 0:00:07]} 3. Nc3 {[%emt 0:00:10]} dxe4 {[%emt 0:00:49]} 4. Nxe4 {[%emt 0:00:08]} Nf6 {[%emt 0:00:22]} 5. Nxf6+ {[%emt 0:00:57]} exf6 {[%emt 0:01:58]} 6. Nf3 {[%emt 0:07:50]} Bd6 {[%emt 0:02:41]} 7. Bd3 {[%emt 0:01:08]} Bg4 {[%emt 0:05:53]} 8. O-O {[%emt 0:01:06]} O-O {[%emt 0:00:51]} 9. h3 {[%emt 0:02:52]} Be6 {[%emt 0:03:09]} 10. Nh4 {[%emt 0:11:02]} g6 {[%emt 0:04:46]} 11. f4 {[%emt 0:11:03]} f5 {[%emt 0:01:14]} 12. Nf3 {[%emt 0:00:25]} Be7 {[%emt 0:04:23]} 13. Be3 {[%emt 0:04:29]} Nd7 {[%emt 0:01:01]} 14. c4 {[%emt 0:05:30]} Nf6 {[%emt 0:08:35]} 15. Ng5 {[%emt 0:08:26]} Bc8 {[%emt 0:01:43]} 16. Qc2 {[%emt 0:06:13]} Nh5 {[%emt 0:00:21]} 17. Nf3 {[%emt 0:02:24]} Bd6 {[%emt 0:00:14]} 18. Ne5 {[%emt 0:12:15]} f6 {[%emt 0:16:36]} 19. c5 {[%emt 0:00:47]} fxe5 {[%emt 0:03:37]} 20. cxd6 {[%emt 0:07:21]} exf4 {[%emt 0:00:43]} 21. Qc4+ {[%emt 0:04:50]} Rf7 {[%emt 0:02:25]} 22. Bd2 {[%emt 0:01:28]} Qxd6 {[%emt 0:01:23]} 23. Rae1 {[%emt 0:01:06]} b5 {[%emt 0:01:57]} 24. Re8+ {[%emt 0:01:03]} Kg7 {[%emt 0:00:07]} 25. Qc3 {[%emt 0:03:03]} Bb7 {[%emt 0:03:32]} 26. d5+ {[%emt 0:00:30]} Kh6 {[%emt 0:00:27]} 27. Re6 {[%emt 0:01:36]} Qxd5 {[%emt 0:00:36]} 28. Rxf4 {[%emt 0:00:28]} Qxe6 {[%emt 0:07:50]} 29. Rxf5+ {[%emt 0:01:36]} Nf4 {[%emt 0:01:50]} 30. Bxf4+ {[%emt 0:00:13]} g5 {[%emt 0:00:44]} 31. Bxg5+ {[%emt 0:00:10]} Kg6 {[%emt 0:01:48]} 32. Re5+ {[%emt 0:00:50]} 1-0

[Event "SVK Extraliga 2017-18"]
[Site "Slovakia"]
[Date "2017.12.10"]
[Round "6"]
[White "Kostolansky, Sebastian Lukas"]
[Black "Horvath, Mario"]
[Result "1-0"]
[WhiteElo "2226"]
[BlackElo "2224"]
[Annotator "NA"]
[PlyCount "57"]
[EventDate "2017.??.??"]
[EventType "team-tourn"]
[EventCountry "SVK"]
[SourceTitle "playchess.com"]
[Source "ChessBase"]
[SourceQuality "1"]
[TimeControl "40/5400+30:1800+30"]

1. e4 {[%emt 0:00:00]} c5 {[%emt 0:00:13]} 2. Nf3 {[%emt 0:00:00]} d6 {[%emt 0:00:06]} 3. c3 {[%emt 0:00:00]} Nf6 {[%emt 0:00:55]} 4. h3 {[%emt 0:00:00]} Nc6 {[%emt 0:00:45]} 5. Bd3 {[%emt 0:00:04]} e6 {[%emt 0:02:25]} 6. O-O {[%emt 0:01:31]} Be7 {[%emt 0:01:28]} 7. Bc2 {[%emt 0:01:23]} O-O {[%emt 0:01:30]} 8. Re1 {[%emt 0:03:32]} b6 {[%emt 0:05:12]} 9. d4 {[%emt 0:07:51]} cxd4 {[%emt 0:18:12]} 10. cxd4 {[%emt 0:02:10]} Nb4 {[%emt 0:01:19]} 11. Bb3 {[%emt 0:04:39]} Ba6 {[%emt 0:02:02]} 12. Nc3 {[%emt 0:04:13]} Nd3 {[%emt 0:03:40]} 13. Re3 {[%emt 0:00:27]} Nxc1 {[%emt 0:00:10]} 14. Rxc1 {[%emt 0:00:09]} Nd7 {[%emt 0:16:24]} 15. Qd2 {[%emt 0:07:02]} b5 {[%emt 0:07:55]} 16. Ne2 {[%emt 0:11:23]} Qb6 {[%emt 0:03:52]} 17. Rec3 {[%emt 0:05:33]} Rfc8 {[%emt 0:00:55]} 18. Nf4 {[%emt 0:08:00]} Qb7 {[%emt 0:03:14]} 19. Nxe6 {[%emt 0:14:23]} fxe6 {[%emt 0:01:04]} 20. Bxe6+ {[%emt 0:00:06]} Kh8 {[%emt 0:00:31]} 21. Bd5 {[%emt 0:00:09]} Qb8 {[%emt 0:01:31]} 22. Rxc8+ {[%emt 0:00:41]} Bxc8 {[%emt 0:00:03]} 23. Bxa8 {[%emt 0:00:23]} Qxa8 {[%emt 0:00:06]} 24. Qf4 {[%emt 0:00:30]} Kg8 {[%emt 0:06:40]} 25. Rc7 {[%emt 0:04:29]} Bf8 {[%emt 0:03:53]} 26. Qf5 {[%emt 0:01:52]} Qb8 {[%emt 0:00:08]} 27. Ng5 {[%emt 0:00:57]} Qxc7 {[%emt 0:00:13]} 28. Qd5+ {[%emt 0:00:08]} Kh8 {[%emt 0:00:07]} 29. Nf7+ {[%emt 0:00:04]} 1-0

[Event "SVK Extraliga 2017-18"]
[Site "Slovakia"]
[Date "2017.12.10"]
[Round "6"]
[White "Veres, Andrej"]
[Black "Federic, Jozef"]
[Result "1/2-1/2"]
[WhiteElo "2217"]
[BlackElo "2238"]
[Annotator "NA"]
[PlyCount "31"]
[EventDate "2017.??.??"]
[EventType "team-tourn"]
[EventCountry "SVK"]
[SourceTitle "playchess.com"]
[Source "ChessBase"]
[SourceQuality "1"]
[TimeControl "40/5400+30:1800+30"]

1. d4 {[%emt 0:00:00]} d5 {[%emt 0:00:13]} 2. Nf3 {[%emt 0:00:06]} Nf6 {[%emt 0:00:30]} 3. c4 {[%emt 0:00:29]} e6 {[%emt 0:00:26]} 4. Nc3 {[%emt 0:00:32]} Be7 {[%emt 0:01:05]} 5. Bg5 {[%emt 0:00:44]} O-O {[%emt 0:01:26]} 6. e3 {[%emt 0:09:34]} Nbd7 {[%emt 0:06:39]} 7. Rc1 {[%emt 0:03:08]} c6 {[%emt 0:01:49]} 8. cxd5 {[%emt 0:05:03]} Nxd5 {[%emt 0:04:38]} 9. Bxe7 {[%emt 0:01:57]} Qxe7 {[%emt 0:00:21]} 10. Qc2 {[%emt 0:06:53]} Re8 {[%emt 0:03:02]} 11. Bc4 {[%emt 0:11:09]} Nxc3 {[%emt 0:04:23]} 12. Qxc3 {[%emt 0:01:47]} e5 {[%emt 0:00:48]} 13. dxe5 {[%emt 0:01:41]} Nxe5 {[%emt 0:00:21]} 14. Nxe5 {[%emt 0:01:00]} Qxe5 {[%emt 0:00:09]} 15. Qxe5 {[%emt 0:00:58]} Rxe5 {[%emt 0:00:06]} 16. Rd1 {[%emt 0:00:04]} 1/2-1/2

[Event "SVK Extraliga 2017-18"]
[Site "Slovakia"]
[Date "2017.12.10"]
[Round "6"]
[White "Jozefek, Michal"]
[Black "Hanko, Pavol"]
[Result "1-0"]
[WhiteElo "2201"]
[BlackElo "2073"]
[Annotator "NA"]
[PlyCount "61"]
[EventDate "2017.??.??"]
[EventType "team-tourn"]
[EventCountry "SVK"]
[SourceTitle "playchess.com"]
[Source "ChessBase"]
[SourceQuality "1"]
[TimeControl "40/5400+30:1800+30"]

1. d4 {[%emt 0:00:00]} Nf6 {[%emt 0:00:19]} 2. c4 {[%emt 0:00:00]} g6 {[%emt 0:00:25]} 3. Nc3 {[%emt 0:00:00]} Bg7 {[%emt 0:00:12]} 4. e4 {[%emt 0:00:07]} d6 {[%emt 0:00:19]} 5. Be2 {[%emt 0:00:13]} O-O {[%emt 0:00:39]} 6. Bg5 {[%emt 0:00:13]} c5 {[%emt 0:01:23]} 7. d5 {[%emt 0:00:08]} h6 {[%emt 0:00:56]} 8. Bf4 {[%emt 0:02:01]} Nbd7 {[%emt 0:02:33]} 9. Qd2 {[%emt 0:03:38]} Kh7 {[%emt 0:00:29]} 10. h4 {[%emt 0:00:23]} h5 {[%emt 0:11:06]} 11. Nf3 {[%emt 0:03:13]} Ne5 {[%emt 0:11:26]} 12. Nxe5 {[%emt 0:23:02]} dxe5 {[%emt 0:00:18]} 13. Be3 {[%emt 0:00:04]} b6 {[%emt 0:03:23]} 14. f3 {[%emt 0:02:00]} a6 {[%emt 0:16:02]} 15. O-O-O {[%emt 0:01:41]} Bd7 {[%emt 0:01:52]} 16. g4 {[%emt 0:02:32]} b5 {[%emt 0:09:03]} 17. Rdg1 {[%emt 0:01:33]} b4 {[%emt 0:07:11]} 18. Nd1 {[%emt 0:00:10]} hxg4 {[%emt 0:00:24]} 19. h5 {[%emt 0:00:32]} gxh5 {[%emt 0:02:01]} 20. fxg4 {[%emt 0:05:54]} Rh8 {[%emt 0:07:37]} 21. g5 {[%emt 0:02:50]} Ne8 {[%emt 0:03:22]} 22. Bxh5 {[%emt 0:00:36]} Kg8 {[%emt 0:00:31]} 23. Bxc5 {[%emt 0:02:10]} Rc8 {[%emt 0:10:47]} 24. Bxf7+ {[%emt 0:06:15]} Kxf7 {[%emt 0:00:54]} 25. Qf2+ {[%emt 0:00:06]} Nf6 {[%emt 0:00:57]} 26. gxf6 {[%emt 0:00:38]} Bxf6 {[%emt 0:01:28]} 27. b3 {[%emt 0:04:56]} Rb8 {[%emt 0:03:36]} 28. Qg2 {[%emt 0:01:52]} Qg8 {[%emt 0:01:32]} 29. Rxh8 {[%emt 0:00:16]} Qxh8 {[%emt 0:01:05]} 30. Qg6+ {[%emt 0:00:15]} Kf8 {[%emt 0:00:09]} 31. Rf1 {[%emt 0:00:53]} 1-0